000 00529nam a22001937a 4500
003 KOHA_MİRAKIL
005 20251015143612.0
008 251015b tu ||||| |||| 00| 0 tur d
020 _a9786053759195
040 _aTR-AnABB
_btur
_cTR-AnABB
041 _atur
082 _a828.3354
_bHEL 2019
100 1 _aHeller, Joseph,
245 1 0 _aMadde 22 /
_cJoseph Heller
260 _aİstanbul :
_bİthaki Yayınları,
_c2019
300 _a608 sayfa ;
_c18 cm
650 0 4 _aAmerikan edebiyatı, roman
942 _2ddc
_cBK
999 _c9162
_d9162
900 _bGizem YORULMAZ